00823nam a2200181 a 450000100100000000500170001000800410002702000150006804000250008308200160010810000320012424500620015626002100021830000250042849000810045350400300053483000770056400002757520200930030932.0110401s2004 dr 000 0 spa d a9945000209 aDO-SdBNPbspacBNPHU axxxxbM662i1 aMimenza Aurrecoechea, Ander10aInvestigación de mercado /cAnder Mimenza Aurrecoechea. aSanto Domingo :bAlianza ONG, Programa de Fortalecimiento de Capacidades de Organizaciones sin Fines de Lucro en Gestión, marketing y tecnologías de la Información :bW. K. Kellogg Foundation,c2004. axii, 50 p. ;c23 cm.1 aManuales para el fortalecimiento de Organizaciones sin Fines de Lucrovno. 6 aBibliografía : p. 49-50 0aManuales para el fortalecimiento de Organizaciones sin Fines de Lucrov6